000 01163nam a22002537a 4500
003 CO-CtgCURN
005 20250611184506.0
008 250611b |||||||| |||| 00| 0 eng d
020 _a9682516773
040 _aCO-CtgCURN
_bspa
_ccoctgcurn
082 _aR611
_bY54a
100 _aYokochi, Chihiro
_eAutor.
245 _aAtlas fotográfico de anatomía del cuerpo humano /
_cChihiro Yokochi.
250 _aTercera edición.
260 _aMéxico :
_bInteramericana,
_c1991.
300 _a138 páginas.
_bilustraciones, imagenes, cuadros
_c30 cm.
500 _aIncluye Índice.
505 _a1. Introducción a la anatomia, 2. El esqueleto humano, 3. Tórax, abdomen y dorso, 4. Cinturas y extremidades, 5. Organos del torax, 6. Órganos abdominales, 7. Aparato urogenital, 8. Cabeza y cuello, 9. Organos de los sentidos, 10. Órganos respiratorios y digestivos, 11. Glándulas endocrinas, 12. Anatomía en Cores transversales.
650 _aAnatomía humana.
650 _aAtlas
_xFotografias.
700 _a Johannes W Rohen, , Eva Lurie
_eColaborador.
700 _aweinreb, Eva lurie.
942 _2ddc
_cBK
_hR611
_iY54a
_n0
999 _c48973
_d48973